000 00318nam a2200121Ia 4500
005 20260326100026.0
008 260326s9999||||xx |||||||||||||| ||und||
100 _aCorona, Eduardo
245 0 _aArquitectura Contemporánea Sao Paolo /
_cEduardo Corona
260 _bIpsis
650 _aARQUITECTURA REGIONAL
942 _cBK
999 _c6398
_d6398